000 00481nam a2200169Ia 4500
003 GCL
008 140319s9999 xx 000 0 ara d
040 _aGCL /
_cGCL
082 0 4 _a191
_bز ك
100 1 _aزكى نجيب محمود
245 1 0 _aفى تحديث الثقافة العربية /
_cزكى نجيب محمود
260 _a[S.N] :
_bدار الشروق ،
_c1993
300 _a531 ص
490 _a
650 0 4 _aالثقافة العربية
942 _2ddc
_cBK
999 _c30429
_d30429